Statistiken für Die erfolgreichsten Filme des Jahres von 2000-2022 erraten mit Bildern

Klicken Sie hier um das Quiz zu spielen!

Allgemein

  • Dieses Quiz wurde 1.371 mal gespielt
  • Das Durchschnittsergebnis liegt bei 20 aus 23

Antwortstatistiken

Antwort% Korrekt
Harry Potter und der Feuerkelch
100%
Harry Potter und der Stein der Weisen
100%
Harry Potter und die Heiligtümer des Todes - Teil 2
100%
Avatar
99%
Avatar: The Way of Water
99%
Shrek 2
98%
Spider-Man: No Way Home
98%
Star Wars - Das Erwachen der Macht
98%
Star Wars - Die letzten Jedi
98%
Toy Story 3
98%
Der Herr der Ringe: Die Rückkehr des Königs
97%
Der Herr der Ringe: Die zwei Türme
97%
Fluch der Karibik 2
97%
Fluch der Karibik 3
97%
Avengers: Endgame
94%
Avengers: Infinity War
94%
The Avengers
94%
Die Eiskönigin
93%
Transformers - Ära des Untergangs
78%
Captain America: Civil War
77%
The Dark Knight
73%
Mission: Impossible II
66%
The Eight Hundred
2%

Verteilung der Resultate

Perzentil nach korrekt beantworteten Fragen

Anzahl Personen mit jedem Resultat

Ihre Resultats-Entwicklung

Sie haben dieses Quiz noch nicht gespielt